01008cam a22002655i 45000010009000000050017000090080041000260100015000670200018000820400033001000820022001332450085001552600050002403000051002905040031003416500031003726500027004036530024004306550024004547000023004787000059005019420022005609990017005829520143005991803748020150122105937.0140210t2014 xxuadk frb 000 0 eng d a2014932980 a9783319047645 aDLCbengcDLCdDLCdEG-ScBUE00222a005.7565bCLO00aCloud data management /cLiang Zhao ... [et al.] ; foreword by Albert Y. Zomaya. aNew York, United States :bSpringer,cc.2014. axix, 202 p. :bcharts, forms, tables ;c24 cm. aBibliography : p. 191-202. 0911309aDatabase management 0aCloud computing937309 bCOMSCIcJanuary2015 vreading book9342321 aZhao, Liang9373101 aZomaya, Albert Y.937311eauthor of introduction, etc. 2ddck005.7565 CLO c18928d18900 00102ddc40708BaccahaMAINbMAINcLOWd2015-01-21epurchaseg724.00h21291l0o005.7565 CLOp000037352r2025-07-15 00:00:00v905.00yBB